|
|
|
|
| LEADER |
00000nam0a2200000 4500 |
| 001 |
285529 |
| 005 |
20231101235813.0 |
| 020 |
|
|
|a RU
|b 85-35407
|
| 035 |
|
|
|a (RuTPU)RU\TPU\book\309772
|
| 090 |
|
|
|a 285529
|
| 100 |
|
|
|a 20150225d1985 k y0rusy5003 ca
|
| 101 |
0 |
|
|a rus
|
| 102 |
|
|
|a RU
|
| 105 |
|
|
|a y z 101zy
|
| 200 |
1 |
|
|a Эффективность и надежность сложных технических систем
|e материалы семинара
|f Всесоюзное общество "Знание" ; Московский Дом научно-технической пропаганды
|
| 210 |
|
|
|a Москва
|c Изд-во МДНТП
|d 1985
|
| 215 |
|
|
|a 162 с.
|
| 320 |
|
|
|a Библиогр. в конце докл.
|
| 606 |
1 |
|
|a Технические системы сложные
|x Надежность
|2 stltpush
|3 (RuTPU)RU\TPU\subj\60082
|
| 610 |
1 |
|
|a автоматическое управление
|
| 610 |
1 |
|
|a микропроцессорные системы
|
| 610 |
1 |
|
|a дискретные устройства
|
| 610 |
1 |
|
|a электронная аппаратура
|
| 610 |
1 |
|
|a эффективность
|
| 610 |
1 |
|
|a моделирование
|
| 610 |
1 |
|
|a управление
|
| 610 |
1 |
|
|a линейные динамические системы
|
| 610 |
1 |
|
|a проектирование
|
| 610 |
1 |
|
|a запоминающие устройства
|
| 610 |
1 |
|
|a автоматизированные системы управления
|
| 610 |
1 |
|
|a АСУ
|
| 610 |
1 |
|
|a диагностирование
|
| 610 |
1 |
|
|a радиоэлектронные приборы
|
| 610 |
1 |
|
|a материалы семинара
|
| 675 |
|
|
|a 681.51-192(063)
|v 3
|
| 712 |
0 |
2 |
|a Всесоюзное общество "Знание"
|c (1963-1991)
|c (Москва)
|2 stltpush
|3 (RuTPU)RU\TPU\col\9744
|9 24745
|
| 712 |
0 |
2 |
|a Московский Дом научно-технической пропаганды
|2 stltpush
|3 (RuTPU)RU\TPU\col\7885
|9 24405
|
| 801 |
|
0 |
|a RU
|b RuMRKP
|c 19950704
|g psbo
|
| 801 |
|
1 |
|a RU
|b 63413507
|c 20150225
|
| 801 |
|
2 |
|a RU
|b 63413507
|c 20171219
|g RCR
|
| 942 |
|
|
|c BK
|